CLINICAL PHARMACY AND THERAPEUTICS (Record no. 7981)

MARC details
000 -LEADER
fixed length control field 00474nam a22001817a 4500
005 - DATE AND TIME OF LATEST TRANSACTION
control field 20230117123351.0
008 - FIXED-LENGTH DATA ELEMENTS--GENERAL INFORMATION
fixed length control field 220225b ||||| |||| 00| 0 eng d
020 ## - INTERNATIONAL STANDARD BOOK NUMBER
ISBN 978-0-7020-7012-9
041 ## - LANGUAGE CODE
Language code of text/sound track or separate title eng
082 ## - DEWEY DECIMAL CLASSIFICATION NUMBER
Classification number 615
Item number WHI-C
100 ## - MAIN ENTRY--AUTHOR NAME
Personal name WHITTLESEA, CATE AND HODSON, KAREN
245 ## - TITLE STATEMENT
Title CLINICAL PHARMACY AND THERAPEUTICS
250 ## - EDITION STATEMENT
Edition statement 6TH, ED.
260 ## - PUBLICATION, DISTRIBUTION, ETC. (IMPRINT)
Place of publication NEW DELHI
Name of publisher ELSEVIER
Year of publication 2019
300 ## - PHYSICAL DESCRIPTION
Number of Pages 1094;p
650 ## - SUBJECT ADDED ENTRY--TOPICAL TERM
Topical Term PHARMACY
General subdivision D.PHARMA
942 ## - ADDED ENTRY ELEMENTS (KOHA)
Koha item type Books
Holdings
Lost status Damaged status Collection code Home library Current library Shelving location Date acquired Source of acquisition Cost, normal purchase price Full call number Accession Number Koha item type
    PHARMACY JRU Library JRU Library Shelf - 22- A 25/02/2022 PURCHASE 2950.00 615 26692 Books
    PHARMACY JRU Library JRU Library Shelf - 22- A 25/02/2022 PURCHASE 2950.00 615 26691 Books